=LDR 00000nam 2200000 4500 =001 INLIS000000000035213 =005 20130612141104 =008 ***********************************ind** =035 ##$$0010-061300000035213 =041 ##$$a ind =082 ##$$a 793.8 =090 ##$$a 793.8, Min t =100 ##$$a Mintareja, Harry =245 ##$$a Trik-trik sulap kain/ Oleh harry Mintareja =260 ##$$a 2007 $b Bandung =300 ##$$a 108 hlm., Ilus., 21 cm =650 ##$$a Sulap =850 ##$$a NBPNMAT